01378nam a2200409 a 450000100060000000300080000600500170001400600190003100700150005000800410006502000150010603500230012103500240014403500250016803500220019304000260021505000260024108000140026710000370028124501340031826000410045230000130049353301640050665000150067065000170068565000140070265000170071665000130073365000210074665000230076765000140079065000140080465500270081870000420084571000190088785600620090686311FlNmELB20241217171450.0m o d | cr cn|||||||||130510s2006 ag s 000 0 spa d z1413559719 a(MiAaPQ)EBC3173270 a(Au-PeEL)EBL3173270 a(CaPaEBR)ebr10149802 a(OCoLC)1010576264 aFlNmELBbspacFlNmELB 4aRD137.A1bR585 2006eb a617-053.21 aRío González, Sergio A. del.10aManual básico de cirugía pediátricah[recurso electronico]cSergio A. del Río González, Rafael E. García Gutiérrez. a[Santa Fe] :bEl Cid Editor,c[2006] a9-205 p. aRecurso electrónico. Santa Fe, Arg.: e-libro, 2015. Disponible vía World Wide Web. El acceso puede estar limitado para las bibliotecas afiliadas a e-libro. 4aCirugía. 4aPediatría. 4aCáncer. 4aVirología. 4aNiños. 0aCancerxSurgery. 0aChildrenxSurgery. 0aOncology. 0aVirology. 4aLibros electrónicos.1 aGarcía Gutiérrez, Rafael E,eaut.2 ae-libro, Corp.40uhttps://elibro.net/ereader/politecnicointernacional/35010